|
|
|
|
| LEADER |
01498nam a2200409 4500 |
| 001 |
ocn904550272 |
| 003 |
OCoLC |
| 005 |
20180501122024.0 |
| 006 |
m o d |
| 007 |
cr cnu---unuuu |
| 008 |
150309s2015 mau o 001 0 eng d |
| 040 |
|
|
|a OPELS
|b eng
|e rda
|e pn
|c OPELS
|d YDXCP
|d N$T
|d OCLCF
|d DEBBG
|d CUS
|d GrThAP
|
| 019 |
|
|
|a 899277691
|
| 020 |
|
|
|a 9780124078895
|q electronic bk.
|
| 020 |
|
|
|a 0124078893
|q electronic bk.
|
| 020 |
|
|
|a 9780124077584
|
| 035 |
|
|
|a (OCoLC)904550272
|z (OCoLC)899277691
|
| 050 |
|
4 |
|a QH623
|
| 072 |
|
7 |
|a SCI
|x 056000
|2 bisacsh
|
| 082 |
0 |
4 |
|a 571.6
|2 23
|
| 049 |
|
|
|a TEFA
|
| 245 |
0 |
0 |
|a Cellular adhesion in development and disease /
|c edited by Alpha S. Yap.
|
| 264 |
|
1 |
|a Waltham, MA :
|b Academic Press,
|c 2015.
|
| 300 |
|
|
|a 1 online resource.
|
| 336 |
|
|
|a text
|b txt
|2 rdacontent
|
| 337 |
|
|
|a computer
|b c
|2 rdamedia
|
| 338 |
|
|
|a online resource
|b cr
|2 rdacarrier
|
| 490 |
1 |
|
|a Current topics in developmental biology ;
|v volume 112
|
| 500 |
|
|
|a Includes index.
|
| 588 |
0 |
|
|a Online resource; title from PDF title page (ScienceDirect, viewed March 9, 2015).
|
| 650 |
|
0 |
|a Cell adhesion.
|
| 650 |
|
7 |
|a SCIENCE / Life Sciences / Anatomy & Physiology
|2 bisacsh
|
| 650 |
|
7 |
|a Cell adhesion.
|2 fast
|0 (OCoLC)fst00850164
|
| 655 |
|
4 |
|a Electronic books.
|
| 700 |
1 |
|
|a Yap, Alpha S.,
|e editor.
|
| 830 |
|
0 |
|a Current topics in developmental biology ;
|v v. 112.
|
| 856 |
4 |
0 |
|u https://www.sciencedirect.com/science/bookseries/00702153/112
|z Full Text via HEAL-Link
|